01283nam a2200157 a 4500008004100000020001800041041000800059100002700067245004800094250001100142260003500153300002000188500008300208505081900291655001501110190916s2015 a ||||gr|||| 000 1 s d a9789504936688 aspa1 aFontanarrosa, Roberto.3 aLa gansada.bNovela /cRoberto Fontanarrosa a2a ed. aBuenos Aires:bPlaneta;c2015. a320 p.b21x13cm aFontanarrosa, R. (2015). La gansada. Novela. (2a ed.). Buenos Aires : Planeta. a"Amapola Vanderhoeven sintió el frío del ambiente en el rostro, como una bofetada. Nunca le habían pegado, aunque más de una vez se lo mereciese, y su primer reacción fue de enojo. Luego se aquietó, comprendiendo que la naturaleza misma de la morgue requería de esa particularidad climática". Esteban debe operar en Japón a su madre. Cuando la bella y rica Amapola Vanderhoeven recibe la noticia de la presunta muerte de su marido, Esteban encuentra el modo de solventar la operación. Simulará amar a Amapola aunque en realidad ame a María, una obrera de la curtiembre de pieles de cerdo, que es la base de la fortuna de los Vanderhoeven. Un incendio en "La Gansada", la casa de veraneo de la familia, dará lugar a la tormenta que se desarrollará entre los habitantes de la mansión.  aLiteratura